000 00867nam a22002297a 4500
001 0001620504
003 DO-SdBNP
005 20180219151718.0
007 0001620504
008 161212b 1983 ck a ||||| |||| 00| 0 spa d
040 _aBPMSU
_bspa
_cBPMSU
082 _axxxx
_bxxxx
100 1 _a Lozano U., Lucía
245 1 0 _aCosas de todos los días /
_ccoordinación general y textos, Lucía Lozano U. ; ilustración y diseño Miguel Camacho.
260 _a[Bogotá?]
_bCamina,
_c[198-?].
300 _a30 p. :
_b il. ;
_c27 cm.
505 0 _tEl agua potable --
_tEl petróleo --
_tEl vidrio --
_tEl jabón --
_tLas telas --
_tEl papel --
_tEl bombillo --
_tRadio y televisión --
_tLa fotografía --
_tEl dinero.
700 1 _aCamacho, Miguel,
_eil.
942 _2ddc
_cBK
945 _aInventariado, 2018 / BT
956 _2LOPEREZ
_310
_620161212
_8BPMSU
_a00041
999 _c12385
_d12385